| 000 | 00633nam a2200193 i 4500 | ||
|---|---|---|---|
| 001 | 62565 | ||
| 003 | ES-MaACL | ||
| 005 | 20251004063111.0 | ||
| 007 | t| | ||
| 008 | 031124s1910 sp ||||1| spa d | ||
| 100 | 1 |
_aFernández Galiano, Emilio, _d1885-1953 _949799 |
|
| 245 | 1 | 0 |
_aDatos para el conocimiento de la distribución geográfica de los arácnidos / _cEmilio Fernández Galiano. |
| 260 |
_aMadrid : _b[s.n], _c1910 ( _fEst. Tip. de Fortanet) |
||
| 300 |
_a86 p. ; _c25 cm. |
||
| 502 | _aTesis doctoral. | ||
| 650 | 4 |
_aArácnidos- _zEspaña. _9142439 |
|
| 852 |
_aES-MaACL _jT-1224-F-12 |
||
| 999 |
_c62565 _d62565 |
||